01139nam a2200289 i 450000100060000000300090000600500170001500700030003200800410003502000180007608000630009408000150015710000380017224500870021025000120029726000420030930000220035149000280037350000140040150501050041560000670052070000650058783000360065285200220068899900170071095201220072710230ES-MaACL20251003200453.0t|950323s1994 sp |||| |dspa d a84-7769-079-0 a929 Enríquez de Cabrera, Fadrique, Almirante de Castilla a860-14"14"1 aAvalle-Arce, Juan Bautista92398910aCancionero del Almirante Don Fadrique Enríquez / cJuan Bautista de Avalle-Arce. a1ª ed. aBarcelona : bQuaderns Crema, c1994. a614 p. ; c18 cm.1 aBiblioteca menor ; v11 aÍndice.8 aContiene: Parte I ; tEl Almirante Don Fadrique Enríquez, esbozo biográfico - Parte II ; tTexto17aMelgar, Fadrique Enríquez, cConde de, d1460-1538291668481 aMelgar, Fadrique Enríquez, cConde de, d1460-153891668480 aBiblioteca menor ; v119178668 aES-MaACLjL-17617 c10230d10230 00104070aATENEOMbATENEOMcDEPO2d2008-01-17eSCl0oL-17617p1010439r2023-02-23 00:00:00w2023-02-23yMONOGRAFIA